000 00585nam a2200217Ia 4500
005 20260429112146.0
008 260429s9999||||xx |||||||||||||| ||und||
020 _a9781032282039
041 _aEnglish
082 _a617.1027
_bARV
100 _aArvinen-Barrow, Monna
245 0 _aPsychology of sport injury and rehabilitation /
_cMonna Arvinen-Barrow
250 _a2nd ed.
260 _aLondon :
_bRoutledge,
_c2024.
300 _axxviii, 320 p.; pbk
650 _a Psychology
650 _a Rehabilitation
650 _aSport
700 _a Clement, Damien
942 _cTB
999 _c52657
_d52657